Country Quiz- USA - Statistics

General Stats
  • This quiz has been taken 430 times
  • The average score is 11 of 12
Answer Stats
Questions Answers % Correct
Name one of the two most widely spoken languages in the US English | Spanish
100%
What is the Capital City? Washington D.C.
100%
How many states are in the USA? 50
99%
What is the official name of the USA? United States of America
99%
What currency is used in the US? US Dollar
98%
What is the most dominant religion in the US? Protestant Christian
96%
How many time zones does the US cross? (not including dependencies) 6 (EST, CST, MST, PST, AKST, HST)
95%
What is the national bird? Bald Eagle
94%
What was the last state to join the USA? Hawaii
90%
Behind Russia, Canada and China, the USA is known for being the______ country in the world? Largest
86%
What city was the capital city before the present one? New York City
72%
What was the US called before 1776? United Colonies
56%
No matching quizzes found
Score Distribution
Percent of People with Each Score
Percentile by Number Answered
Your Score History
You have not taken this quiz